<?xml version="1.0" encoding="UTF-8"?>
<collection xmlns="http://www.loc.gov/MARC21/slim">
 <record>
  <leader>01929nam a2200241 a 4500</leader>
  <controlfield tag="001">1/48956</controlfield>
  <controlfield tag="008">190619s2009    gr o          00010 gre  </controlfield>
  <datafield tag="020" ind1=" " ind2=" ">
   <subfield code="a">9789608907072</subfield>
  </datafield>
  <datafield tag="035" ind1=" " ind2=" ">
   <subfield code="l">51954</subfield>
  </datafield>
  <datafield tag="040" ind1=" " ind2=" ">
   <subfield code="a">GR-PeUP</subfield>
  </datafield>
  <datafield tag="082" ind1="0" ind2="0">
   <subfield code="a">796.48 ΟΛΥ</subfield>
  </datafield>
  <datafield tag="245" ind1="0" ind2="0">
   <subfield code="a">Ολυμπιακή λαμπαδηδρομία :</subfield>
   <subfield code="b">ιστορία ολυμπιακών δαδών 1936-2008 /</subfield>
   <subfield code="c">Ολυμπιακό Μουσείο Θεσσαλονίκης ; γενική επιμέλεια Κυριακή Ουδατζή ; συγγραφή κειμένων Αθανάσιος Κριτσινέλης.</subfield>
  </datafield>
  <datafield tag="260" ind1="0" ind2=" ">
   <subfield code="a">Θεσσαλονίκη :</subfield>
   <subfield code="b">Ολυμπιακό Μουσείο,</subfield>
   <subfield code="c">2009.</subfield>
  </datafield>
  <datafield tag="300" ind1=" " ind2=" ">
   <subfield code="a">60 σ. :</subfield>
   <subfield code="b">φωτ. ;</subfield>
   <subfield code="c">22 Χ 22 εκ.</subfield>
  </datafield>
  <datafield tag="500" ind1=" " ind2=" ">
   <subfield code="a">Κατάλογος έκθεσης. Η έκδοση του καταλόγου, υλοποιήθηκε από το λυμπιακό Μουσείο Θεσσαλονίκης, με την ευγενική υποστήριξη της Αντιδημαρχίας Πολιτισμού &amp; Νεολαίας του Δήμου Θεσσαλονίκης και με αφορμή τη συνδιοργάνωση της περιοδικής έκθεσης &quot; λυμπιακή Λαμπαδηδρομία - Ιστορία λυμπιακών δαδών, 1936-2008 &quot;, στα πλαίσια των εκδηλώσεων Αλεξάνδρεια.</subfield>
  </datafield>
  <datafield tag="650" ind1=" " ind2="4">
   <subfield code="a">Ολυμπιακοί αγώνες</subfield>
   <subfield code="x">Ιστορία.</subfield>
  </datafield>
  <datafield tag="650" ind1=" " ind2="4">
   <subfield code="a">Olympic games (Ancient)</subfield>
   <subfield code="x">History.</subfield>
  </datafield>
  <datafield tag="650" ind1=" " ind2="4">
   <subfield code="a">Αθλητισμός</subfield>
   <subfield code="z">Ελλάδα</subfield>
   <subfield code="x">Ιστορία.</subfield>
  </datafield>
  <datafield tag="650" ind1=" " ind2="4">
   <subfield code="a">Athletics</subfield>
   <subfield code="z">Greece</subfield>
   <subfield code="x">History.</subfield>
  </datafield>
  <datafield tag="700" ind1="1" ind2=" ">
   <subfield code="a">Ουδατζή, Κυριακή.</subfield>
  </datafield>
  <datafield tag="700" ind1="1" ind2=" ">
   <subfield code="a">Κριτσινέλης, Αθανάσιος.</subfield>
  </datafield>
  <datafield tag="710" ind1="2" ind2="0">
   <subfield code="a">Ολυμπιακό Μουσείο</subfield>
   <subfield code="c">(Θεσσαλονίκη)</subfield>
  </datafield>
  <datafield tag="852" ind1=" " ind2=" ">
   <subfield code="a">INST</subfield>
   <subfield code="b">UNIPILB</subfield>
   <subfield code="c">MAIN</subfield>
   <subfield code="e">20190619</subfield>
   <subfield code="h">796.48 ΟΛΥ</subfield>
   <subfield code="p">00180278</subfield>
   <subfield code="q">00180278</subfield>
   <subfield code="t">LOAN</subfield>
   <subfield code="y">0</subfield>
   <subfield code="4">1</subfield>
  </datafield>
 </record>
</collection>
